श्री वृदावनलाल वर्मा के उपन्यासों में नायिका परिकल्पना / (Record no. 115639)
[ view plain ]
| 000 -LEADER | |
|---|---|
| fixed length control field | 01351nam a22002657a 4500 |
| 005 - DATE AND TIME OF LATEST TRANSACTION | |
| control field | 20170124103027.0 |
| 010 ## - LIBRARY OF CONGRESS CONTROL NUMBER | |
| LC control number | B-183046 |
| 020 ## - INTERNATIONAL STANDARD BOOK NUMBER | |
| Terms of availability | 250.00 |
| 035 ## - SYSTEM CONTROL NUMBER | |
| System control number | B-183046 |
| 037 ## - SOURCE OF ACQUISITION | |
| Source of stock number/acquisition | Cen Lib/Ret |
| 040 ## - CATALOGING SOURCE | |
| Original cataloging agency | DPL |
| Language of cataloging | HN |
| 082 ## - DEWEY DECIMAL CLASSIFICATION NUMBER | |
| Classification number | 823.08 |
| Item number | इंदिरा |
| 100 ## - MAIN ENTRY--PERSONAL NAME | |
| Personal name | इंदिराबाई , पी के |
| 9 (RLIN) | 62454 |
| 245 ## - TITLE STATEMENT | |
| Title | श्री वृदावनलाल वर्मा के उपन्यासों में नायिका परिकल्पना / |
| Statement of responsibility, etc | पी के इंदिराबाई |
| 246 ## - VARYING FORM OF TITLE | |
| Title proper/short title | Shree vrindavanlal verma ke upanyason me nayika parikalpna |
| Remainder of title | by P.K.Indirabai |
| 260 ## - PUBLICATION, DISTRIBUTION, ETC. (IMPRINT) | |
| Place of publication, distribution, etc | इलाहाबाद |
| Name of publisher, distributor, etc | जय भारती प्रकाशन |
| Date of publication, distribution, etc | 2005 |
| 270 ## - ADDRESS | |
| Address | 267-बी ,मुठ्ठी गंज मायाप्रेस |
| City | इलाहाबाद |
| Postal code | 211003 |
| 300 ## - PHYSICAL DESCRIPTION | |
| Extent | 248पृष्ठ. |
| Dimensions | 21सेमी(सजिल्द) |
| 500 ## - GENERAL NOTE | |
| General note | सहायक ग्रन्थ सूची शामिल |
| 650 ## - SUBJECT ADDED ENTRY--TOPICAL TERM | |
| Topical term or geographic name as entry element | हिंदी साहित्य |
| 9 (RLIN) | 62455 |
| 650 ## - SUBJECT ADDED ENTRY--TOPICAL TERM | |
| Topical term or geographic name as entry element | हिंदी उपन्यासों में नायिका चरित्र |
| 9 (RLIN) | 62456 |
| 650 ## - SUBJECT ADDED ENTRY--TOPICAL TERM | |
| Topical term or geographic name as entry element | hindi literature |
| 9 (RLIN) | 62457 |
| 650 ## - SUBJECT ADDED ENTRY--TOPICAL TERM | |
| Topical term or geographic name as entry element | Hindi heroine character in novels |
| 9 (RLIN) | 62458 |
| 942 ## - ADDED ENTRY ELEMENTS (KOHA) | |
| Source of classification or shelving scheme | Dewey Decimal Classification |
| Koha item type | Hindi Books |
| Classification part | 823.08 |
| Call number suffix | इंदिरा |
| Withdrawn status | Lost status | Damaged status | Not for loan | Home library | Current library | Date acquired | Source of acquisition | Cost, normal purchase price | Total Checkouts | Full call number | Barcode | Date last seen | Copy number | Cost, replacement price | Price effective from | Koha item type | Source of classification or shelving scheme | Collection code |
|---|---|---|---|---|---|---|---|---|---|---|---|---|---|---|---|---|---|---|
| Central Library | Central Library | 21/08/2015 | Cen Lib/Ret | 250.00 | 823.08 इंदिरा | B-183046 | 21/08/2015 | 1 | 250.00 | 21/08/2015 | Hindi Books | |||||||
| Sarojini Nagar | Sarojini Nagar | 22/06/2019 | 823.08 इंदिरा | B-183048 | 22/06/2019 | 22/06/2019 | Hindi Books | Dewey Decimal Classification | Non-fiction |
